Book Title by Movie Quiz Stats

 Plays Quiz Updated Feb 3, 2019

     
Support Sporcle.
Go Orange.
Score 0/20 Timer 05:00
1 Play Today
Film Book % Correct
O Brother, Where Art Thou?The Odyssey
66.5%
10 Things I Hate About YouThe Taming of the Shrew
61.5%
TroyThe Iliad
60%
CluelessEmma
51.4%
Apocalypse NowHeart of Darkness
47.1%
PreciousPush
42.6%
Blade RunnerDo Androids Dream of Electric Sheep?
28.1%
ManhunterRed Dragon
27.3%
Stand By MeThe Body
23.7%
There Will Be BloodOil!
21.4%
Film Book % Correct
The King and IAnna and the King of Siam
16.5%
A Cry in the WildHatchet
16.1%
The Secret of NIMHMrs. Frisby and the Rats of NIMH
11.7%
Mean GirlsQueen Bees & Wannabes
11.7%
GoodfellasWiseguy: Life in a Mafia Family
11.5%
Slumdog MillionaireQ & A
10.3%
Field of DreamsShoeless Joe
10.1%
21Bringing Down the House
9.6%
The HauntingThe Haunting of Hill House
8.4%
ShooterPoint of Impact
1.4%

From the Vault

Counting TV Characters

by BillyJoelRulez

Help sort these TV characters into their rightful groups.
Remove Ads.
Support Sporcle.
Get the best of Sporcle when you Go Orange. This ad-free experience offers more features, more stats, and more fun while also helping to support Sporcle. Thank you for becoming a member.

Show Comments

Extras

Top Quizzes Today


Score Distribution

Your Account Isn't Verified!

In order to create a playlist on Sporcle, you need to verify the email address you used during registration. Go to your Sporcle Settings to finish the process.

Report this User

Report this user for behavior that violates our Community Guidelines.

Details: